000 00534nam a2200169 i 4500
001 bg
100 1 _aGENIUSZ-WÓJCIK, Teresa
245 0 _aPodręcznik do nauczania rosyjskiego języka technicznego w laboratorium językowym na Wydziale Elektrycznym /
_cTeresa Geniusz-Wójcik, Adam Murmyło.
260 _aCzęstochowa :
_bPolit. Częstochowska,
_c1977.
300 _as. 217.
700 1 _aMURMYŁO, Adam
040 _cBPK
041 _apol
080 _a808.2:621.3
942 _cKS
008 s pl f |000 0 pol
999 _c17760
_d17760
856 _uhttp://koha.tu.koszalin.pl/cgi-bin/koha/opac-detail.pl?biblionumber=17760
_yKatalog online BPK